02739 2200289 4500001002100000005001500021035002000036007000300056008004100059020002200100082001000122084001900132100002900151245009000180250003200270300002800302500001100330650001300341700002900354504003600383520190800419264003202327336002102359337003002380338002302410990001602433INLIS00000000116540320250327085441 a0010-0325000128ta250327 g 0 ind  a978-623-02-6423-8 a305.8 aSR 305.8 MUT e0 aMutria Farhaeniepenulis1 aEtika lingkungan, manusia dan kebudayaan /cMutria Farhaeni; penyunting, Rulie Gunadi aCetakan pertama, April 2023 ax, 141 halaman ;c23 cm aindeks 4aEtnologi0 aRulie Gunadiepenyunting aBibliografi : halaman 131 - 134 aBuku tentang sejarah dan kebudayaan yang berjudul Etika Lingkungan Manusia dan Kebudayaan merupakan buku karya Mutria Farhaeni Makhluk manusia yang hidup mendiami berbagai macam lingkungan alam di seluruh muka bumi memperlihatkan beragam ciri ciri fisik yang tampak sangat jelas Warna kulit bentuk rambut bentuk wajah menyebabkan timbulnya pengertian ras atau golongan manusia yang berdasarkan berbagai ciri fisik secara umum Manusia dan kebudayaan merupakan satu kesatuan yang tidak dapat dipisahkan tanpa manusia kebudayaan tidak dapat tercipta Kebudayaan tumbuh dan berkembang di dalam ruang atau tempat dan waktu dengan mengalami penambahan dan pengurangan Manusia yang hidup di dunia selalu berinteraksi dan beradaptasi dengan alam Manusia beradaptasi dan berinteraksi untuk mengembangkan budaya mereka sehingga terjadi perubahan lingkungan alam Gerakan ini telah mengakibatkan penyebaran budaya pada waktu yang berbeda dan di tempat yang berbeda Buku tentang sejarah dan kebudayaan yang berjudul Etika Lingkungan Manusia dan Kebudayaan merupakan buku karya Mutria Farhaeni Makhluk manusia yang hidup mendiami berbagai macam lingkungan alam di seluruh muka bumi memperlihatkan beragam ciri ciri fisik yang tampak sangat jelas Warna kulit bentuk rambut bentuk wajah menyebabkan timbulnya pengertian ras atau golongan manusia yang berdasarkan berbagai ciri fisik secara umum Manusia dan kebudayaan merupakan satu kesatuan yang tidak dapat dipisahkan tanpa manusia kebudayaan tidak dapat tercipta Kebudayaan tumbuh dan berkembang di dalam ruang atau tempat dan waktu dengan mengalami penambahan dan pengurangan Manusia yang hidup di dunia selalu berinteraksi dan beradaptasi dengan alam Manusia beradaptasi dan berinteraksi untuk mengembangkan budaya mereka sehingga terjadi perubahan lingkungan alam Gerakan ini telah mengakibatkan penyebaran budaya pada waktu yang berbeda dan di tempat yang berbeda aSleman :bDeepublish,c2023 2rdacontentateks 2rdamediaatanpa perantara 2rdacarrieravolume a55697.68517